60. výročie založenia Poľnohospodárskeho družstva Spišské Bystré

Bibliographic Details
Main Author: Šimonovičová P. (Author)
Format: Article
Language:Slovak
PhysicalDescription:Fotogr.
ISSN:2453-9260
Subjects:

MARC

LEADER 00000nab a2200000 a 4500
001 vtls011738357
003 SK-MaSNL
005 20260303082309.0
008 180123 2017 xo q 000 0 slo
038 |a PPPK 
040 |a PPPKCL  |b slo  |c PPPK  |e AACR2 
041 0 |a slo 
044 |a xo  |c SK 
080 |a 631.115.8  |x (437.671)  |2 2011 
100 1 |a Šimonovičová P.  |4 aut  |9 1086968 
245 1 0 |a 60. výročie založenia Poľnohospodárskeho družstva Spišské Bystré  |c Z Kroniky PD Spišské Bystré spracovala: P. Šimonovičová 
300 |b Fotogr. 
610 2 7 |a Poľnohospodárske družstvo (Spišské Bystré, Slovensko)  |2 pppkcl  |9 1035220 
648 7 |a 8.9.1957  |2 pppkcl  |9 1086969 
650 0 7 |a poľnohospodárske družstvá  |2 pppkcl  |9 30107 
650 0 7 |a 60. výročie  |2 pppkcl  |9 604636 
651 7 |a Spišské Bystré (Slovensko)  |2 pppkcl  |9 54593 
651 7 |a Poprad (Slovensko : okres)  |2 pppkcl  |9 28675 
773 0 |t Kubašský spravodaj : noviny obce Spišské Bystré  |g Roč. I, č. 4 (2017), s. 3  |x 2453-9260 
852 |a PPPK  |b KIS3GCP 
999 |c 1787443  |d 1789373